Cervantes, Goethe, Freud

-д хадгалсан:
Номзүйн дэлгэрэнгүй
Үндсэн зохиолч: Mann, Thomas (autor)
Формат: Ном
Хэл сонгох:испани
Хэвлэсэн: Buenos Aires Losada 1990
Хэвлэл:2a. ed
Цуврал:Biblioteca Clásica y Contemporánea
Нөхцлүүд:
Шошгууд: Шошго нэмэх
Шошго байхгүй, Энэхүү баримтыг шошголох эхний хүн болох!

MARC

LEADER 00000nam a2200000 a 4500
001 UCM0420
003 CL-VaPUC
008 020301e19901100AG |||||||||||||||||spa|d
082 0 4 |a 834  |b MAN  |2 21 
100 |a Mann, Thomas  |e autor  |9 338731 
245 1 0 |a Cervantes, Goethe, Freud 
250 |a 2a. ed 
300 |a 145 p 
942 |c BK 
945 |d 20020301 00:00:00  |a cmena 
260 |a Buenos Aires  |b Losada  |c 1990 
650 7 |a ENSAYOS ALEMANES  |2 CL-VaPUC  |9 265772 
650 0 |a Literatura alemana   |9 265457 
583 |a last modification  |c 20020301 00:00:00  |k Rodrigo Vera 
490 0 |a Biblioteca Clásica y Contemporánea 
999 |c 299327  |d 299325 
952 |0 0  |1 0  |4 0  |6 834_000000000000000_MAN_1990  |7 0  |8 A  |9 355805  |a FDOPOS  |b FDOPOS  |d 2019-11-21  |i 3790096  |o 834 MAN 1990  |p 3790096  |r 2025-01-22  |w 2019-11-21  |y BK  |k MLH